यायावर साहित्य अवधारणा और अवदान / (Record no. 43119)

MARC details
000 -LEADER
fixed length control field 01110nam a22002177a 4500
005 - DATE AND TIME OF LATEST TRANSACTION
control field 20100830104546.0
010 ## - LCCN (DPL NO)
LC control number HIN-90212
020 ## - INTERNATIONAL STANDARD BOOK NUMBER
International Standard Book Number 9788170168812
Terms of availability 150.00
035 ## - SYSTEM CONTROL NUMBER
System control number HN-62558
037 ## - SOURCE OF ACQUISITION
Source of stock number/acquisition DBAD / PUB
082 ## - DEWEY DECIMAL CLASSIFICATION NUMBER
Classification number 828.08
100 ## - MAIN ENTRY--PERSONAL NAME
Personal name पाटील, तुकाराम
245 ## - TITLE STATEMENT
Title यायावर साहित्य अवधारणा और अवदान /
Statement of responsibility, etc तुकाराम पाटील एवं माधुरी आर्या
246 ## - VARYING FORM OF TITLE
Title proper/short title Yayawar Sahitya:Avadharna aur avadan
Remainder of title by Tukaram Patil & Madhuri Arya
260 ## - PUBLICATION, DISTRIBUTION, ETC. (IMPRINT)
Place of publication, distribution, etc नई दिल्ली
Name of publisher, distributor, etc किताब घर
Date of publication, distribution, etc 2009
270 ## - ADDRESS
Address 24/4855, अंसारी रोड, दरियागंज
City नई दिल्ली
Postal code 110002
300 ## - PHYSICAL DESCRIPTION
Extent 120पृ.
Dimensions 22सेमी (सजिल्द)
700 ## - ADDED ENTRY--PERSONAL NAME
9 (RLIN) 17425
Personal name आर्या, माधुरी
942 ## - ADDED ENTRY ELEMENTS (KOHA)
Source of classification or shelving scheme Dewey Decimal Classification
Item type Hindi Books
Classification part 828.08
Call number suffix पाटील
Holdings
Withdrawn status Lost status Not for loan Collection code Home library Current library Date acquired Source of acquisition Cost, normal purchase price Full call number Barcode Copy number Cost, replacement price Koha item type
    Not For Loan Non-fiction D.B.Act.Division D.B.Act.Division 30/08/2010 DBAD / PUB 150.00 828.08 पाटील HN-62558 1 150.00 Hindi Books

© Delhi Public Library
Hit Counter
free hit counter